| 000 | 00000nam##2200000za#4500 |
| 001 | 9.640090 |
| 003 | CaOODSP |
| 005 | 20250128101654 |
| 007 | cr ||||||||||| |
| 008 | 150407|2002||||xxc|||||o f|0| 0 fre|d |
| 040 | |aCaOODSP|bfre |
| 043 | |an-cn--- |
| 086 | 1 |aSF31-60/2002F-PDF |
| 110 | 1 |aCanada. |bBureau du Commissaire aux langues officielles. |
| 245 | 13|aLe français sur Internet : |h[ressource électronique]|bau coeur de l'identité canadienne et de l'économie du savoir / |cAuteur : Alain Clavet. |
| 260 | |aOttawa - Ontario : |bCommissariat aux langues officielles |cMars 2002. |
| 300 | |a60p.|bfigures, références |
| 590 | |a12-16-Supp|b2012-04-17 |
| 691 | 07|aInternet|2gcpds |
| 691 | 07|aÉconomie du savoir|2gcpds |
| 691 | 07|aFrançais|2gcpds |
| 720 | 1 |aClavet, Alain |
| 775 | 08|tFrench on the Internet : |w(CaOODSP)9.695972 |
| 776 | 0#|tFrench on the Internet : |w(CaOODSP)9.663465 |
| 776 | 0#|tLe français sur Internet : |w(CaOODSP)9.663466 |
| 856 | 40|ahttp://publications.gc.ca|qPDF|s293 Ko|uhttps://publications.gc.ca/collections/Collection/SF31-60-2002F.pdf |